European Country A-Z - Statistics

General Stats
  • This quiz has been taken 65 times
  • The average score is 17 of 18
Answer Stats
Letter Country % Correct
F Finland / France
100%
G Germany / Greece
100%
R Romania / Russia
100%
S San Marino / Serbia / Slovakia / Slovenia / Spain / Sweden / Switzerland
100%
I Iceland / Ireland / Italy
98%
M Malta / Moldova / Monaco / Montenegro
98%
N Netherlands / North Macedonia / Norway
98%
A Albania / Andorra / Austria
97%
B Belarus / Belgium / Bosnia and Herzegovina / Bulgaria
97%
C Croatia / Cyprus / Czechia
97%
D Denmark
97%
L Latvia / Liechtenstein / Lithuania / Luxembourg
97%
P Poland / Portugal
97%
U Ukraine / UK
97%
E Estonia
95%
H Hungary
93%
V Vatican City
93%
K Kosovo
90%
No matching quizzes found
Score Distribution
Percent of People with Each Score
Percentile by Number Answered
Your Score History
You have not taken this quiz